A place in the sun : (Record no. 7483)

000 -LEADER
fixed length control field 00588nam a22002055i 4500
003 - CONTROL NUMBER IDENTIFIER
control field OSt
005 - DATE AND TIME OF LATEST TRANSACTION
control field 20200310090327.0
008 - FIXED-LENGTH DATA ELEMENTS--GENERAL INFORMATION
fixed length control field 130820s2014 nyu 000 0 eng
020 ## - INTERNATIONAL STANDARD BOOK NUMBER
International Standard Book Number 9780847842292 (alk. paper)
040 ## - CATALOGING SOURCE
Original cataloging agency DLC
Language of cataloging eng
Description conventions rda
Transcribing agency DLC
042 ## - AUTHENTICATION CODE
Authentication code pcc
082 ## - DEWEY DECIMAL CLASSIFICATION NUMBER
Classification number 728.37
Item number SNY
100 1# - MAIN ENTRY--PERSONAL NAME
Personal name Snyder, Stephen.
245 12 - TITLE STATEMENT
Title A place in the sun :
Remainder of title green living and the solar home /
Statement of responsibility, etc Stephen Snyder, Introduction by John Hix.
250 ## - EDITION STATEMENT
Edition statement 1st edition.
300 ## - PHYSICAL DESCRIPTION
Extent pages cm
906 ## - LOCAL DATA ELEMENT F, LDF (RLIN)
a 0
b ibc
c orignew
d 2
e epcn
f 20
g y-gencatlg
942 ## - ADDED ENTRY ELEMENTS (KOHA)
Source of classification or shelving scheme
955 ## - COPY-LEVEL INFORMATION (RLIN)
Classification number, CCAL (RLIN) pc17 2013-08-20
Holdings
Withdrawn status Lost status Source of classification or shelving scheme Damaged status Koha normalized classification for sorting Not for loan Permanent location Current location Date acquired Full call number Barcode Date last seen Price effective from Koha item type
        728_370000000000000_SNY   BMS College of Architecture, Design and Planning BMS College of Architecture, Design and Planning 2020-03-10 728.37 SNY AR-UG1603 2020-03-10 2020-03-10 UG Books
Copyright © 2025, The Librarian, Library and Information Centre, BMSCA D&P, Bengaluru. All Rights Reserved
web counter

Powered by Koha